Analele științifice ale Universității "Al. I. Cuza" din Iași. Serie nouă. Secțiunea II a, Biologie vegetală
| Previous Title: | Analele științifice ale Universității "Al. I. Cuza" din Iași. Serie nouă. Biologie |
|---|---|
| Corporate Author: | |
| Format: | Electronic Journal |
| Language: | English French Romanian, Moldovan |
| Published: |
Iași :
Ed. Universității "Al. I. Cuza",
[1992]-
|
| Subjects: | |
| Online Access: | Full text available from Research Library: 01/01/2004 to present |
MARC
| LEADER | 00000nas a2200000 a 4500 | ||
|---|---|---|---|
| 001 | ssj0000740099 | ||
| 003 | WaSeSS | ||
| 005 | 20200512172242.0 | ||
| 006 | m d | ||
| 007 | cr n | ||
| 008 | 960520c19929999rm fr p s 0 0eng c | ||
| 010 | |a 96656054 | ||
| 016 | 7 | |a 1330556-6 |2 DE-600 | |
| 022 | |l 1223-6578 |y 1223-6578 | ||
| 030 | |a ASUVFO | ||
| 035 | |a (WaSeSS)ssj0000740099 | ||
| 040 | |a EYM |b eng |c EYM |d DLC |d CAS |d AGL |d OCLCQ |d HEBIS |d DLC |d OCLCQ |d CUS |d OCLCO |d OCLCF |d OCLCQ |d CUS |d OCLCO |d RDF |d OCLCQ |d WaSeSS | ||
| 041 | 0 | |a eng |a fre |a rum | |
| 042 | |a pcc | ||
| 050 | 0 | 0 | |a QK1 |b .A454 |
| 070 | 0 | |a QH320.R8U5 | |
| 072 | 0 | |a X300 | |
| 082 | 0 | 0 | |a 580/.5 |2 21 |
| 210 | 0 | |a An. stiint. Univ. "Al. I. Cuza" Iasi, Sect. II a, Biol. veg. | |
| 222 | 0 | |a Analele stiintifice ale Universitatii "Al. I. Cuza" din Iasi. Sectiunea II a. Biologie vegetala | |
| 245 | 0 | 0 | |a Analele științifice ale Universității "Al. I. Cuza" din Iași. |n Serie nouă. |n Secțiunea II a, |p Biologie vegetală |h [electronic resource]. |
| 246 | 3 | 0 | |a Biologie vegetală |
| 246 | 1 | |a Vegetal biology | |
| 260 | |a Iași : |b Ed. Universității "Al. I. Cuza", |c [1992]- | ||
| 310 | |a Semiannual, |b <2010-> | ||
| 321 | |a Annual, |b 1992- | ||
| 362 | 0 | |a Tomul 38 (1992)- | |
| 506 | |a License restrictions may limit access. | ||
| 546 | |a Chiefly in English, some in French and Romanian; tables of contents also in English and French. | ||
| 588 | |a Latest issue consulted: T. 56, fasc. 1 (2010). | ||
| 650 | 0 | |a Botany |v Periodicals. | |
| 650 | 7 | |a Botany. |2 fast |0 (OCoLC)fst00836869 | |
| 655 | 0 | |a Electronic journals. | |
| 710 | 2 | |a Universitatea "Al. I. Cuza" din Iași. | |
| 780 | 0 | 1 | |t Analele științifice ale Universității "Al. I. Cuza" din Iași. Serie nouă. Biologie |w (OCoLC)32001596 |
| 850 | |a DLC |a DNAL | ||
| 856 | 4 | 0 | |z Full text available from Research Library: 01/01/2004 to present |u https://search.proquest.com/publication/1556340 |